000 00589nam a2200169 a 4500
001 000015877
005 20200929164203.0
008 100222s1936 dr 000 0 spa d
040 _aDO-SdBNP
_bspa
_cBNPHU
082 _axxx
_bP967r
110 1 _aRepública Dominicana.
_bSecretaría de Estado de Relaciones Exteriores
_92256
245 1 0 _aProtocolo de revisión del tratado de fronteras dominico-haitiano del 21 de enero de 1929.
250 _aed. oficial
260 _aCiudad Trujillo, República Dominicana :
_bJ. R. Vda. García,
_c1936.
300 _a16 p. ;
_c24 cm.
049 _aBNPD
999 _c15419
_d15419